Collected classics (Record no. 20872)

MARC details
000 -LEADER
campo de control de longitud fija 00989nmc a2200337 a 4500
003 - IDENTIFICADOR DE NÚMERO DE CONTROL
campo de control AR-Y00000XR
005 - FECHA Y HORA DE LA ÚLTIMA TRANSACCIÓN
campo de control 20251128211727.0
008 - DATOS DE LONGITUD FIJA--INFORMACIÓN GENERAL
campo de control de longitud fija 267020s2000 ||||||||||||||000 | spa||
020 ## - NÚMERO INTERNACIONAL ESTÁNDAR DEL LIBRO
Número Internacional Estándar del Libro 0-582-34364-X
040 ## - FUENTE DE CATALOGACIÓN
Centro/agencia transcriptor AR-Y00000XR
245 10 - MENCIÓN DEL TÍTULO
Título Collected classics
Número de parte o sección de la obra Volume 2
260 ## - PUBLICACIÓN, DISTRIBUCIÓN, ETC.
Lugar de publicación, distribución, etc. Harlow
Nombre del editor, distribuidor, etc. Pearson Education
Fecha de publicación, distribución, etc. 2000
300 0# - DESCRIPCIÓN FÍSICA
Extensión 536 p.
490 #0 - MENCIÓN DE SERIE
Mención de serie Penguin readers. Level 5
Designación de volumen o secuencia v. 1
500 0# - NOTA GENERAL
Nota general Nivel intermedio (2300 words)
505 ## - NOTA DE CONTENIDO CON FORMATO
Título Pride and prejudice
Mención de responsabilidad Austen, Jane
505 ## - NOTA DE CONTENIDO CON FORMATO
Título Wuthering heights
Mención de responsabilidad Bronté, Emily
505 ## - NOTA DE CONTENIDO CON FORMATO
Título The warden
Mención de responsabilidad Trollope, Anthony
505 ## - NOTA DE CONTENIDO CON FORMATO
Título Jude the obscure
Mención de responsabilidad Hardy, Thomas
505 ## - NOTA DE CONTENIDO CON FORMATO
Título Sons and lovers
Mención de responsabilidad Lawrence, D.H.
650 #4 - PUNTO DE ACCESO ADICIONAL DE MATERIA--TÉRMINO DE MATERIA
Término de materia o nombre geográfico como elemento de entrada LITERATURA INGLESA
650 #4 - PUNTO DE ACCESO ADICIONAL DE MATERIA--TÉRMINO DE MATERIA
Término de materia o nombre geográfico como elemento de entrada ENSENANZA DE IDIOMAS
650 #4 - PUNTO DE ACCESO ADICIONAL DE MATERIA--TÉRMINO DE MATERIA
Término de materia o nombre geográfico como elemento de entrada INGLES
650 #4 - PUNTO DE ACCESO ADICIONAL DE MATERIA--TÉRMINO DE MATERIA
Término de materia o nombre geográfico como elemento de entrada ACTIVIDADES DE APRENDIZAJE
653 #0 - TÉRMINO DE INDIZACIÓN--NO CONTROLADO
Término no controlado COMPRENSION LECTORA
653 #0 - TÉRMINO DE INDIZACIÓN--NO CONTROLADO
Término no controlado ADAPTACIONES LITERARIAS
653 #0 - TÉRMINO DE INDIZACIÓN--NO CONTROLADO
Término no controlado LITERATURA JUVENIL
655 ## - TERMINO DE INDIZACIÓN--GENERO/FORMA
Datos o término principal de género/forma LITERATURA
942 ## - ELEMENTOS DE ENTRADA SECUNDARIOS (KOHA)
Tipo de ítem Koha Libros
998 ## - INFORMACIÓN DE CONTROL LOCAL (RLIN)
Iniciales del catalogador, CIN (RLIN) mi-desc
Holdings
Estatus retirado Estado de pérdida Fuente de la clasificación o esquema de estantería Estado de daño No para préstamo Biblioteca de origen Biblioteca actual Fecha de adquisición Total de préstamos Signatura topográfica completa Código de barras Visto por última vez Precio de reemplazo Tipo de ítem Koha
    Clasificación Decimal Dewey     Liberty Liberty 28/11/2025   802 CCL 2 144073 28/11/2025 28/11/2025 Libros
    Clasificación Decimal Dewey     Liberty Liberty 28/11/2025   802 CCL 2 144012 28/11/2025 28/11/2025 Libros